000 00938nam a22003017a 4500
003 CHAP
005 20220329143711.0
008 110222s1981 mx a r 00010 spa d
010 _a100560
011 _a101532
035 _a112220
040 _cCHAP
090 _aFolleto 17890
100 1 _aSámano Tajonar, Laura.
_9107298
245 1 0 _aPlantas curativas de México
_c/por Laura Sámano Tajonar
260 _aMéxico, D.F. :
_bGómez Gómez Hnos.,
_c1981
300 _a64 p. :
_bilus.
590 _aBATCH-UPD
_b10
_c20130110
_lUCH01
_h1137
590 _aBATCH-UPD
_b10
_c20130410
_lUCH01
_h0724
590 _aBATCH-UPD
_b10
_c20130914
_lUCH01
_h0743
590 _aCONVERSION
_b10
_c20130109
_lUCH01
_h1355
650 1 4 _aBotánica médica.
_914680
650 1 4 _aMedicina tradicional.
_973921
901 _aBK
911 _aen proceso
942 _cFOLL
949 _aFolleto 17890
_bBC
_cFOLL
_d33724002237520
_eTS1
_gDonaciØn
_i112220
_sb
999 _c100560
_d100560